000 00697nam a2200265Ia 4500
005 20260121165830.0
008 008 260114s9999 xx 000 0 eng d
020 _a9783319306025
037 _aEBOOK
040 _aCRL
040 _beng
040 _cCRL
041 _2eng
041 _aeng
084 _qCRL
100 _aAntonio Segalini
_91056580
245 0 _aProceedings of the 5th International Conference on Jets, Wakes and Separated Flows (ICJWSF2015)
260 _bSpringer
260 _bSpringer
260 _c2016
856 _uhttps://link.springer.com/openurl?genre=book&isbn=978-3-319-30602-5
942 _cEBOOK
999 _c1622308
_d1622308